| 000 | 00497nam a2200217Ia 4500 | ||
|---|---|---|---|
| 003 | LK-CoDNM | ||
| 008 | 010623t1917 xxu||||| |||| 00| 1 eng d | ||
| 040 |
_aLK-CoDNM _dLK-CoDNM _eLK-CoDNM |
||
| 041 | _aeng | ||
| 080 |
_a50 _bC17 |
||
| 100 | _aMarathon | ||
| 245 | _aCeylon Sports Mag | ||
| 260 |
_bSt.Gerard's Press _aColombo _c1917 |
||
| 300 | _b30P,15P., 28 cm | ||
| 650 | _aBoxing | ||
| 650 | _aCricket | ||
| 650 | _aHockey | ||
| 650 | _aRacing | ||
| 650 | _aVolly Ball | ||
| 942 | _cBK | ||
| 999 |
_c89055 _d89055 |
||